00341nam a2200121Ia 4500008004100000041000800041082001600049100002100065245006300086260003200149300003100181365000700212240624s9999 xx 000 0 und d aeng a658.404 MAR aMARCHEWKA JACK T aINFORMATION TECHNOLOGY PROJECT MANAGEMENT PROVIDING MEASUR c2003aSingaporebJohn Wiley axxi, : 318 : p. : cm. ; 24 cRS